000 00734nam a2200229Ia 4500
003 OSt
005 20220918110700.0
006 a|||||r|||| 00| 0
007 ta
008 220915b |||||||| |||| 00| 0 hin d
024 _a216221
037 _cReference Collections
040 _aARTS
_cARTS
_bhin
041 _2hin
_ahin
082 _aP:3:4, 152K8(RR)
100 _aवर्मा, रामचंद्
245 0 _aशब्दार्थ - दर्शन
246 _aShabdārtha - darshana
260 _aइलाहाबाद
_bरचना प्रकाशन
_c1968
942 _hP:3:4, 152K8(RR)
_cREF
999 _c113976
_d113976